மழலை அாிச்சுவடி /
Saved in:
| Format: | Book |
|---|---|
| Language: | English Tamil |
| Published: |
கொழும்பு :
அஷ்டலக்மி பதிப்பகம் ;
|
| Subjects: | |
| Tags: |
Add Tag
No Tags, Be the first to tag this record!
|
MARC
| LEADER | 00000nam a22000007a 4500 | ||
|---|---|---|---|
| 005 | 20260411122801.0 | ||
| 008 | 260411b |||||||| |||| 00| 0 eng d | ||
| 041 | |a tam | ||
| 082 | |a 494.8111 |b மழலை | ||
| 245 | |a மழலை அாிச்சுவடி / | ||
| 260 | |a கொழும்பு : |b அஷ்டலக்மி பதிப்பகம் ; | ||
| 300 | |a 6 பக். |c 19 Cm. | ||
| 650 | |a Tamil writing system, phonology, and alphabet primers |9 117278 | ||
| 942 | |c BK | ||
| 999 | |c 71306 |d 71306 | ||